<?xml version="1.0" encoding="UTF-8"?>
<collection xmlns="http://www.loc.gov/MARC21/slim">
<record>
  <controlfield tag="001">129560</controlfield>
  <controlfield tag="005">20231221152907.0</controlfield>
  <datafield tag="024" ind1="7" ind2=" ">
    <subfield code="2">doi</subfield>
    <subfield code="a">10.35362/rie9115520</subfield>
  </datafield>
  <datafield tag="024" ind1="8" ind2=" ">
    <subfield code="2">sideral</subfield>
    <subfield code="a">135821</subfield>
  </datafield>
  <datafield tag="037" ind1=" " ind2=" ">
    <subfield code="a">ART-2023-135821</subfield>
  </datafield>
  <datafield tag="041" ind1=" " ind2=" ">
    <subfield code="a">spa</subfield>
  </datafield>
  <datafield tag="100" ind1=" " ind2=" ">
    <subfield code="a">Bermejo Malumbres, Eloy</subfield>
    <subfield code="u">Universidad de Zaragoza</subfield>
    <subfield code="0">(orcid)0000-0003-2614-6641</subfield>
  </datafield>
  <datafield tag="245" ind1=" " ind2=" ">
    <subfield code="a">El enfoque STEAM como proyecto educativo en un entorno rural: análisis comparativo en República Dominicana</subfield>
  </datafield>
  <datafield tag="260" ind1=" " ind2=" ">
    <subfield code="c">2023</subfield>
  </datafield>
  <datafield tag="520" ind1="3" ind2=" ">
    <subfield code="a">República Dominicana lleva implementando desde la década de los noventa del siglo XX medidas considerables para impulsar la educación en el país. Aunque aún quedan pasos por consolidar, existen iniciativas reseñables como el Liceo Científico Dr. Miguel Canela Lázaro, que, desde su creación en el año 2013, basa su proyecto educativo en la implementación del enfoque metodológico STEAM en un ámbito rural, diferenciándose del resto de centros en la provincia en la que se ubica, basados en un sistema más tradicional. Por ello, en el presente trabajo se analiza, mediante una combinación de dimensiones cualitativas y cuantitativas la comparativa entre este centro público de educación secundaria y los otros diecisiete de la provincia Hermanas Mirabal. Con esto se quiere explorar el contexto educativo dominicano, la innovación en el desarrollo del proyecto del Liceo Científico y observar si la educación STEAM constituye un elemento diferencial teniendo en cuenta las calificaciones de las pruebas nacionales previas al acceso universitario. Finalmente, se evalúan a nivel concreto las particularidades del Liceo Científico y, de forma general, la adquisición de aprendizajes en el sistema educativo dominicano</subfield>
  </datafield>
  <datafield tag="506" ind1="0" ind2=" ">
    <subfield code="a">Access copy available to the general public</subfield>
    <subfield code="f">Unrestricted</subfield>
  </datafield>
  <datafield tag="540" ind1=" " ind2=" ">
    <subfield code="9">info:eu-repo/semantics/openAccess</subfield>
    <subfield code="a">by</subfield>
    <subfield code="u">http://creativecommons.org/licenses/by/3.0/es/</subfield>
  </datafield>
  <datafield tag="655" ind1=" " ind2="4">
    <subfield code="a">info:eu-repo/semantics/article</subfield>
    <subfield code="v">info:eu-repo/semantics/publishedVersion</subfield>
  </datafield>
  <datafield tag="700" ind1=" " ind2=" ">
    <subfield code="a">Peña Ascacíbar, Gonzalo</subfield>
  </datafield>
  <datafield tag="700" ind1=" " ind2=" ">
    <subfield code="a">Clemente, Caterina</subfield>
  </datafield>
  <datafield tag="710" ind1="2" ind2=" ">
    <subfield code="1">4013</subfield>
    <subfield code="2">210</subfield>
    <subfield code="a">Universidad de Zaragoza</subfield>
    <subfield code="b">Dpto. Didácticas Específicas</subfield>
    <subfield code="c">Área Didáctica Ciencias Socia.</subfield>
  </datafield>
  <datafield tag="773" ind1=" " ind2=" ">
    <subfield code="g">91, 1 (2023), 145-161</subfield>
    <subfield code="p">Rev. iberoam. educ. (Online)</subfield>
    <subfield code="t">Revista iberoamericana de educación (Online)</subfield>
    <subfield code="x">1681-5653</subfield>
  </datafield>
  <datafield tag="856" ind1="4" ind2=" ">
    <subfield code="s">207850</subfield>
    <subfield code="u">http://zaguan.unizar.es/record/129560/files/texto_completo.pdf</subfield>
    <subfield code="y">Versión publicada</subfield>
  </datafield>
  <datafield tag="856" ind1="4" ind2=" ">
    <subfield code="s">2521857</subfield>
    <subfield code="u">http://zaguan.unizar.es/record/129560/files/texto_completo.jpg?subformat=icon</subfield>
    <subfield code="x">icon</subfield>
    <subfield code="y">Versión publicada</subfield>
  </datafield>
  <datafield tag="909" ind1="C" ind2="O">
    <subfield code="o">oai:zaguan.unizar.es:129560</subfield>
    <subfield code="p">articulos</subfield>
    <subfield code="p">driver</subfield>
  </datafield>
  <datafield tag="951" ind1=" " ind2=" ">
    <subfield code="a">2023-12-21-13:09:31</subfield>
  </datafield>
  <datafield tag="980" ind1=" " ind2=" ">
    <subfield code="a">ARTICLE</subfield>
  </datafield>
</record>
</collection>